Notica do archipelago dos Acores : (Record no. 187858)
[ view plain ]
| 000 -LEADER | |
|---|---|
| fixed length control field | 00729cam6a220020500 4500 |
| 001 - CONTROL NUMBER | |
| control field | tmp15738996 |
| 003 - CONTROL NUMBER IDENTIFIER | |
| control field | UPRA |
| 005 - DATE AND TIME OF LATEST TRANSACTION | |
| control field | 20190830110108.0 |
| 008 - FIXED-LENGTH DATA ELEMENTS--GENERAL INFORMATION | |
| fixed length control field | 951017s1869 xx spa u |
| 035 ## - SYSTEM CONTROL NUMBER | |
| System control number | (Sirsi) r69246 |
| 050 ## - LIBRARY OF CONGRESS CALL NUMBER | |
| Classification number | RARE DP702 GAR 1869 |
| 100 2# - MAIN ENTRY--PERSONAL NAME | |
| Personal name | Garcia Ramos, Accurcio |
| 245 10 - TITLE STATEMENT | |
| Title | Notica do archipelago dos Acores : |
| Remainder of title | e do que ha mais importante na sua historia natural./ |
| Statement of responsibility, etc. | Accurcio Garcia Ramos. |
| 246 30 - VARYING FORM OF TITLE | |
| Title proper/short title | Noticia do archipelago dos Acores |
| 260 ## - PUBLICATION, DISTRIBUTION, ETC. | |
| Place of publication, distribution, etc. | Angra do Heroismo, Typ. Terceirense, |
| Date of publication, distribution, etc. | 1869. |
| 300 ## - PHYSICAL DESCRIPTION | |
| Extent | xii,150p.: |
| Other physical details | ill. |
| 504 ## - BIBLIOGRAPHY, ETC. NOTE | |
| Bibliography, etc. note | Includes bibliographical references. |
| 650 #0 - SUBJECT ADDED ENTRY--TOPICAL TERM | |
| Topical term or geographic name entry element | Azores -- Description and travel. |
| General subdivision | Azores -- Description and travel. |
| Linkage | S22036.1 |
| 949 ## - LOCAL PROCESSING INFORMATION (OCLC) | |
| a | DP702 |
No items available.